| 000 | 00530nam a2200229Ia 4500 | ||
|---|---|---|---|
| 999 |
_c65786 _d65786 |
||
| 003 | 0100 | ||
| 005 | 20171010081353.0 | ||
| 008 | 130303s9999 xx 000 0 und d | ||
| 020 | _a8372326266 | ||
| 040 | _cARRUPELIB | ||
| 050 | _aGR358.62.M8H165 | ||
| 100 |
_aHalemba, Andrzej _936899 |
||
| 245 | _aMambwe folk-tales | ||
| 245 | _b(Mambwe version) | ||
| 260 |
_bMamAfrica _aWarsaw _c2005 |
||
| 300 | _a302p. | ||
| 300 | _b 25cm. | ||
| 650 |
_aFolklore _xMambwe _936900 |
||
| 942 |
_2lcc _cMONOGRAPH |
||